000 00946nam a2200253Ia 4500
003 OSt
005 20220916110921.0
006 a|||||r|||| 00| 0
007 ta
008 220915b |||||||| |||| 00| 0 san d
024 _a268843
037 _cTextbook
040 _bsan
_aARTS
_cARTS
041 _asan
082 _aO15v2:N0, 152K0;K7;3(EPS)
100 _aकीथ, ए बी
245 0 _aसंस्कृत साहित्य का इतिहास अनुवाद मंगलदेव शास्त्री
246 _aSanskṛut sāhitya kā itihās anuvād mangaladev shāstrī
260 _aदिल्ली
_bमोतीलाल बनारसीदास भारत
_c1967
300 _a756पण्
_ccm.
650 _aहिन्दी साहित्य
942 _hO15v2:N0, 152K0;K7;3(EPS)
_cTB
_2CC
999 _c101331
_d101331